00468nam a2200145Ia 4500008004100000020001400041050002200055100002600077245006700103260005000170300002100220500004100241521000700282650003300289140321s9999 xx 000 0 und d a971041221 aQ 180b.B862 2011 aBueno, David Cababaro aPhysical science for college students /cDavid Cababaro Bueno. aMandaluyong City :bBooks Atpb. Pub.,cc2011. a273 p. :c26 cm. aIncludes bibliographical references. aGE aSciencexStudy and teaching.